Centroamérica: una nueva fase en el conflicto
Guardado en:
| Formato: | Texto |
|---|---|
| Materias: | |
| Etiquetas: |
Agregar Etiqueta
Sin Etiquetas, Sea el primero en etiquetar este registro!
|
MARC
| LEADER | 00000 a a2200000 04500 | ||
|---|---|---|---|
| 001 | 18079 | ||
| 003 | |||
| 040 | |||
| 245 | |a Centroamérica: |b una nueva fase en el conflicto | ||
| 650 | |a POLITICA | ||
| 650 | |a MILITARISMO | ||
| 650 | |a REPRESION | ||
| 650 | |a TERRORISMO | ||
| 773 | |g volumen 5, número 5, (1981) páginas 49 | ||
| 999 | |c 31676 |d 31676 | ||
| 773 | 0 | |0 42391 |9 3876 |a Agencia Latinoamericana de Información, ALAI |d Quito, Ecuador: ALAI |o 04450 |t ALAI: |x 08275564 (Servicio mensual de información y documentación) | |
